000 00775cab a2200229 4500
001 WB2849-05
008 090401t1992 xxu||||| |||| 00| 0 eng d
035 _a(Sirsi) u44485
041 _aeng
245 _aThin stone cladding warning
260 _c1992
350 _a0
490 _aBuilding
_v257(7774) 11 December 1992, 7(1)
520 _aConcern is growing over the use of ultra lightweight thin stone cladding in the light of the problems suffered at the Wesleyan Assurance building in Birmingham.
650 _aBUILDING DEFECTS
650 _aCLADDING
650 _aDEFECTS
650 _aBUILT ENVIRONMENT-BUILDING ELEMENTS-COMPLETE BUILDING ELEMENTS-WALLS
690 _aBUILDING AND CONSTRUCTION-DEFECTS AND FAILURES
942 _n0
948 _c04/03/1997
999 _c28284
_d28284